00509nam a2200169Ia 4500003000900000008004100009040001600050080001500066100001700081245005600098260007600154300001500230650004100245650001600286650002100302650001600323IN-BaIIA211028s9999 xx 000 0 eng d cIIA Library a551.5bDAL aDalton, John 0aMeteorological observations and essayscJohn Dalton aLondonbPrinted for W. Richardson, J. Phillips, and W. Penningtonc1793 axvi, 208p. aAstronomy and Astrophysics Thesaurus aClimatology aEarth Atmosphere aMeteorology